000
00336nam a2200133Ia 4500
008
240624s9999 xx 000 0 und d
041
_a
eng
082
_a
658.84 LEE
100
_a
LEE IN
245
_a
ELECTRONIC BUSINESS CONCEPTS METHODOLOGI
260
_c
2009
_a
New York
_b
Information Science Reference
365
_c
_b
30
440
_v
2
999
_c
27568
_d
27568